| Tag |
First Indicator |
Second Indicator |
Subfields |
| LEADER |
00000pam a22000004a 4500 |
| 001 |
in00002010547 |
| 005 |
20151031143032.0 |
| 008 |
030911s2004 enk b 001 0 eng |
| 010 |
|
|
|a 2003020216
|
| 020 |
|
|
|a 0415335825 (hard cover)
|
| 035 |
|
|
|a (OCoLC)ocm53038759
|
| 040 |
|
|
|a DLC
|c DLC
|d TXA
|d UtOrBLW
|
| 042 |
|
|
|a pcc
|
| 043 |
|
|
|a as-----
|
| 049 |
|
|
|a TXAM
|
| 050 |
0 |
0 |
|a JQ750.A91
|b R63 2004
|
| 082 |
0 |
0 |
|a 320.9595
|2 22
|
| 100 |
1 |
|
|a Rodan, Garry,
|d 1955-
|
| 245 |
1 |
0 |
|a Transparency and authoritarian rule in Southeast Asia :
|b Singapore and Malaysia /
|c Garry Rodan.
|
| 264 |
|
1 |
|a London ;
|a New York :
|b RoutledgeCurzon,
|c 2004.
|
| 300 |
|
|
|a xvii, 261 pages ;
|c 25 cm.
|
| 336 |
|
|
|a text
|b txt
|2 rdacontent
|
| 337 |
|
|
|a unmediated
|b n
|2 rdamedia
|
| 338 |
|
|
|a volume
|b nc
|2 rdacarrier
|
| 490 |
1 |
|
|a RoutledgeCurzon/City University of Hong Kong Southeast Asian studies ;
|v 4
|
| 504 |
|
|
|a Includes bibliographical references (pages 210-249) and index.
|
| 505 |
0 |
|
|a Information control and authoritarian rule in East and Southeast Asia: under challenge? -- Bedding down media and information control in Singapore and Malaysia -- Bureaucratic authoritarianism and transparency reform in Singapore -- Keeping civil society at bay: media in Singapore after the crisis -- Crony capitalism and transparency reform in Malaysia -- Challenges to media control in Malaysia -- Conclusion: advanced market systems, information flows and political regimes.
|
| 650 |
|
0 |
|a Transparency in government
|z Southeast Asia.
|
| 651 |
|
0 |
|a Southeast Asia
|x Politics and government
|y 1945-
|
| 651 |
|
0 |
|a Southeast Asia
|x Economic policy.
|
| 830 |
|
0 |
|a RoutledgeCurzon/City University of Hong Kong South East Asian studies ;
|v 4.
|
| 948 |
|
|
|a cataloged
|b h
|c 2004/11/19
|d c
|e dmitchel
|f 12:30:20 pm
|
| 994 |
|
|
|a E0
|b TXA
|
| 999 |
|
|
|a MARS
|
| 999 |
f |
f |
|s 3dd6aed3-4611-3004-8c9e-52fab3cc7a8b
|i 50c1dbeb-1c75-3911-946e-ee611476025f
|t 0
|
| 952 |
f |
f |
|p ric
|a Texas A&M University
|b Rellis Campus
|c Joint Library Facility
|d Remote Storage
|t 0
|e JQ750.A91 R63 2004
|h Library of Congress classification
|i unmediated -- volume
|m A14831638223
|
| 998 |
f |
f |
|a JQ750.A91 R63 2004
|t 0
|l Remote Storage
|